[Event "Malmo Open"]
[Site "Malmo"]
[Date "2013.12.14"]
[Round "4"]
[White "Lindborg, Patrik"]
[Black "Grundel, Sam"]
[Result "1/2-1/2"]
[WhiteElo "2220"]
[BlackElo "1888"]

1.d4 d5 2.c4 c6 3.Nf3 Nf6 4.Nc3 dxc4 5.a4 Bf5 6.Ne5 Nbd7 7.Nxc4 Nb6 8.Ne5
Nfd7 9.Nf3 a5 10.e4 Bg4 11.Be3 e6 12.Be2 Be7 13.O-O O-O 14.h3 Bh5 15.Qb3
Rc8 16.Rfd1 Bb4 17.Na2 Be7 18.Rac1 Bg6 19.Nd2 c5 20.Qb5 cxd4 21.Bxd4 Rxc1
22.Rxc1 Bf6 23.Be3 h6 24.b3 Nc8 25.Qxb7 Nd6 26.Qa7 Nxe4 27.Rd1 Qb8 28.Nxe4
Bxe4 29.Rxd7 Qxb3 30.Nc1 Qxa4 31.Nd3 Bg6 32.Kh2 Qc2 33.Nf4 Be5 34.Bf3 a4
35.g3 Bb8 36.Qc5 Rc8 37.Qxc2 Bxc2 38.Bb7 Re8 39.Bc5 Be5 40.Nd3 Bc3 41.Bb4
Bf6 42.Nc5 Rb8 43.Rd2 Bg6 44.Ba3 Be7 45.Rd7 Bf8 46.Na6 Rxb7 47.Rxb7 Bxa3
48.Nc7 Bc1 49.Nb5 Bd3 50.Nc3 a3 51.Ra7 Bb2 52.Nd1 Bc1 53.Nc3 Bb2 54.Na4
Bc1 55.Rc7 Bb2 56.Ra7 Bc1 57.Nc5 Bc4 58.Ne4 Bb2 59.Nd2 a2 60.Nxc4 a1=Q 61.
Rxa1 Bxa1 62.Kg2 Kf8 63.Kf3 Ke7 64.Ke4 Bc3 1/2-1/2

[Event "Malmo Open"]
[Site "Malmo"]
[Date "2013.12.14"]
[Round "4"]
[White "Andersson, Fredrik"]
[Black "Liedbeck, Patrik"]
[Result "1/2-1/2"]
[WhiteElo "2344"]
[BlackElo "1956"]

1.e4 c5 2.Nf3 d6 3.d4 cxd4 4.Nxd4 Nf6 5.Nc3 a6 6.Bg5 e6 7.f4 Qb6 8.Qd3
Qxb2 9.Rb1 Qa3 10.f5 Be7 11.fxe6 fxe6 12.Be2 Qc5 13.Be3 Qc7 14.Qc4 Qd7 15.
Qb3 Nc6 16.Na4 Bd8 17.Nb6 Bxb6 18.Qxb6 O-O 19.O-O Nxd4 20.Bxd4 Nxe4 21.
Rxf8+ Kxf8 22.Bd3 Nf6 23.Bxf6 gxf6 24.Rf1 f5 25.g4 Qe7 26.Rf2 Kg7 27.gxf5
exf5 28.Re2 Qf6 29.Rg2+ Kh8 30.Bc4 1/2-1/2

[Event "Malmo Open"]
[Site "Malmo"]
[Date "2013.12.14"]
[Round "5"]
[White "Kristensen, Kaare"]
[Black "Brynell, Stellan"]
[Result "0-1"]
[WhiteElo "2345"]
[BlackElo "2569"]

1.e4 e6 2.d4 d5 3.Nc3 Nf6 4.Bg5 Bb4 5.e5 h6 6.Bd2 Bxc3 7.bxc3 Ne4 8.Qg4 g6
9.Bd3 Nxd2 10.Kxd2 c5 11.h4 Nc6 12.Nf3 cxd4 13.cxd4 Qa5+ 14.c3 b6 15.Qf4
Ba6 16.Bxa6 Qxa6 17.h5 gxh5 18.g4 Qa3 19.gxh5 Rc8 20.Rac1 Qxa2+ 21.Rc2 Qc4
22.Rhc1 Ne7 23.Rg1 b5 24.Qf6 Rh7 25.Nh2 b4 26.Qf3 Rh8 27.Rb1 a5 28.Ng4 Nf5
29.Ne3 bxc3+ 30.Kc1 Qd3 31.Rb7 Rg8 32.Kb1 Qa6 0-1

[Event "Malmo Open"]
[Site "Malmo"]
[Date "2013.12.14"]
[Round "5"]
[White "Johansson, Linus"]
[Black "Lindberg, Bengt"]
[Result "0-1"]
[WhiteElo "2403"]
[BlackElo "2400"]

1.d4 Nf6 2.c4 e6 3.Nf3 b6 4.g3 Ba6 5.Qc2 Bb4+ 6.Bd2 Be7 7.e4 d5 8.cxd5
Bxf1 9.Kxf1 exd5 10.e5 Ne4 11.Nc3 Nxd2+ 12.Qxd2 Qd7 13.Kg2 Nc6 14.Rac1 Nd8
15.Ne2 Ne6 16.Nf4 O-O 17.Rc2 c5 18.dxc5 Nxf4+ 19.Qxf4 bxc5 20.Rd1 a5 21.
Nd2 Qe6 22.Nb3 Rfc8 23.Rdc1 Qb6 24.h4 Bf8 25.h5 h6 26.Nd4 Re8 27.Nf5 Qb4
28.Rd1 d4 29.Rd3 Qb7+ 30.Kh2 Qd5 31.Re2 Ra6 32.b3 Rae6 33.Nh4 Rxe5 34.Rxe5
Rxe5 35.Qf3 Rxh5 36.Qxd5 Rxd5 37.Nf3 Bd6 38.Kg2 f5 39.Nd2 Kf7 40.Nc4 Bc7
41.Rd1 Rd7 42.Nb2 Re7 43.Nd3 Bd6 44.Rc1 Rc7 45.Rc4 Ke6 46.Ra4 Ra7 47.Kf3
Kd5 48.Rc4 a4 49.Rc2 axb3 50.axb3 Ra3 51.Nc1 h5 52.Ra2 Rxa2 53.Nxa2 c4 54.
bxc4+ Kxc4 55.Ke2 d3+ 56.Kd2 f4 57.Nc1 Bb4+ 58.Kd1 fxg3 59.fxg3 Ba5 60.Na2
Bc7 61.Kd2 Bxg3 62.Ke3 g5 63.Kf3 Bf4 64.Kf2 Kb3 0-1

[Event "Malmo Open"]
[Site "Malmo"]
[Date "2013.12.14"]
[Round "5"]
[White "Frisk Kockum, Anton"]
[Black "Krantz, Christopher"]
[Result "1/2-1/2"]
[WhiteElo "2410"]
[BlackElo "2330"]

1.d4 d5 2.Nf3 c6 3.c4 Nf6 4.cxd5 cxd5 5.Nc3 Nc6 6.Bf4 a6 7.e3 Bg4 8.h3
Bxf3 9.Qxf3 e6 10.Bd3 Bd6 11.O-O Bxf4 12.Qxf4 O-O 13.Rad1 Rc8 14.Qh4 Ne7
15.f4 Nf5 16.Qf2 Nd6 17.g4 Nfe4 18.Nxe4 Nxe4 19.Bxe4 dxe4 20.Rd2 Qa5 21.a3
Rc6 22.Rfd1 Qd5 23.Rc2 Rfc8 24.Rdc1 Kf8 25.Qd2 Ke8 26.Kf2 Kd7 27.Rxc6 Rxc6
28.Rxc6 1/2-1/2

[Event "Malmo Open"]
[Site "Malmo"]
[Date "2013.12.14"]
[Round "5"]
[White "Gugliemi, Riccardo"]
[Black "Matthiesen, Arne"]
[Result "1/2-1/2"]
[WhiteElo "2213"]
[BlackElo "2373"]

1.c4 e5 2.Nc3 Nf6 3.g3 Nc6 4.Bg2 Bc5 5.d3 O-O 6.Nf3 d6 7.O-O a6 8.Bg5 h6
9.Bxf6 Qxf6 10.Ne4 Qe7 11.Nxc5 dxc5 12.Nd2 Bd7 13.Ne4 Rad8 14.Nc3 b6 15.
Nd5 Qd6 16.a3 a5 17.Rb1 Ne7 18.Nc3 Bc6 19.Qe1 Bxg2 20.Kxg2 Qc6+ 21.Kg1 Rd7
22.b4 axb4 23.axb4 cxb4 24.Rxb4 Ra8 25.Rb5 Ng6 26.Qb1 h5 27.h4 Qe6 28.Ne4
Ne7 29.Ng5 Qg6 30.c5 Nd5 31.Qb2 f6 32.c6 Rd6 33.Ne4 Rdd8 34.Rc1 Ne7 35.Rb4
Nf5 36.Kh2 Nd4 37.Rbc4 Qf7 38.Kg2 b5 39.Rxd4 exd4 40.Qxb5 Rab8 41.Qa4 Qe6
42.Rc4 Kh7 43.Qa5 Qf7 44.Rc5 g6 45.f4 Rb2 46.Kf3 Ra2 47.Qb5 Kh6 48.f5 Rda8
49.Qb4 R8a4 50.Qb8 Ra8 51.Qb4 R8a4 1/2-1/2

[Event "Malmo Open"]
[Site "Malmo"]
[Date "2013.12.14"]
[Round "5"]
[White "Reid, Gregor"]
[Black "Hillarp Persson, Tiger"]
[Result "0-1"]
[WhiteElo "2180"]
[BlackElo "2624"]

1.Nf3 g6 2.g3 Bg7 3.Bg2 d6 4.O-O e5 5.d3 Ne7 6.c4 O-O 7.Nc3 h6 8.Rb1 f5 9.
Bd2 Nd7 10.b4 g5 11.a4 a6 12.Ne1 Nf6 13.Nc2 Qe8 14.a5 f4 15.b5 axb5 16.
Nxb5 Qd8 17.Bc3 c6 18.Nba3 Ng6 19.Qd2 h5 20.Nb4 h4 21.a6 hxg3 22.axb7
gxf2+ 23.Kh1 Bxb7 24.Nac2 Qd7 25.d4 e4 26.d5 c5 27.Nc6 Rae8 28.Rb6 Nh4 29.
Rfb1 Qg4 0-1

[Event "Malmo Open"]
[Site "Malmo"]
[Date "2013.12.14"]
[Round "5"]
[White "Jepson, Christian"]
[Black "Rosell, Tomas"]
[Result "1-0"]
[WhiteElo "2463"]
[BlackElo "2162"]

1.Nf3 g6 2.e4 c5 3.d4 cxd4 4.c3 d3 5.Bxd3 Bg7 6.O-O Nc6 7.Bc4 Na5 8.Bb5 a6
9.Ba4 Qc7 10.Re1 b5 11.Bc2 Nc4 12.Nbd2 Nb6 13.Bb3 Nf6 14.e5 Nfd5 15.Ne4
Bb7 16.Nd6+ Kf8 17.Nxb7 Qxb7 18.a4 Rc8 19.axb5 axb5 20.Ra5 Nc4 21.Bxc4
Rxc4 22.Nd4 Nc7 23.Qd3 Qd5 24.b3 Rc6 25.Qe3 Ra6 26.c4 Qa8 27.Rxa6 Qxa6 28.
Nxb5 Nxb5 29.cxb5 Qxb5 30.Qa7 f5 31.e6 dxe6 32.Rxe6 Qb4 33.Ba3 Bd4 34.Bxb4
1-0

[Event "Malmo Open"]
[Site "Malmo"]
[Date "2013.12.14"]
[Round "5"]
[White "Persson, Jan"]
[Black "Walinder, Lars"]
[Result "0-1"]
[WhiteElo "2119"]
[BlackElo "2308"]

1.c4 e5 2.Nc3 Nf6 3.f4 exf4 4.d4 Bb4 5.Bxf4 d5 6.e3 O-O 7.Bd3 c5 8.Ne2 Nc6
9.O-O cxd4 10.exd4 Bg4 11.Bg5 Be7 12.Qd2 dxc4 13.Bxc4 Bxe2 14.Nxe2 Ne4 15.
Bxe7 Nxd2 16.Bxd8 Raxd8 17.Rfc1 Nxd4 18.Nxd4 Rxd4 19.Be2 Rd7 20.Rc2 g6 21.
Rac1 Rfd8 22.Kf2 a6 23.Ke1 Ne4 24.a4 Rd4 25.b3 Rb4 26.Rc4 Rd4 27.Rxd4 Rxd4
28.Rc7 Rb4 29.Bc4 Nd6 30.Bd5 a5 31.Rc5 b5 32.Rc6 bxa4 33.bxa4 Nf5 34.Rc7
Rxa4 35.Rxf7 Kh8 36.Ra7 Ne3 37.Bf3 Ra2 38.g4 g5 39.Re7 Nc2+ 40.Kf1 Nd4 41.
Bg2 a4 42.h4 gxh4 43.Be4 Ne2 44.Rxh7+ Kg8 45.Bg6 Nf4 46.Be4 h3 47.g5 Re2
48.Bf5 Re5 49.Bc2 a3 50.g6 Rb5 51.Kg1 a2 52.Ra7 Rb1+ 53.Kh2 a1=Q 0-1

[Event "Malmo Open"]
[Site "Malmo"]
[Date "2013.12.14"]
[Round "5"]
[White "Rydstrom, Tom"]
[Black "Svensson, Anders"]
[Result "1/2-1/2"]
[WhiteElo "2305"]
[BlackElo "2118"]

1.e4 c5 2.Nf3 d6 3.d4 cxd4 4.Nxd4 Nf6 5.Nc3 a6 6.Bg5 e6 7.f3 Be7 8.Qd2 Qc7
9.O-O-O Nbd7 10.g4 b5 11.a3 Bb7 12.h4 Rc8 13.Be3 Nc5 14.Kb1 Nfd7 15.g5 Nb6
16.h5 d5 17.exd5 Nxd5 18.Nxd5 Bxd5 19.Rh3 Na4 20.g6 hxg6 21.hxg6 Rxh3 22.
gxf7+ Kxf7 23.Bxh3 Bxa3 24.Nxe6 Bxe6 25.Bxe6+ Kxe6 26.Qd5+ Ke7 27.Qf5
Qxc2+ 28.Qxc2 Rxc2 29.Kxc2 Bxb2 30.Rh1 Bf6 31.Rh8 Nb2 32.Ra8 Nc4 33.Bc5+
Ke6 34.Rxa6+ Kd5 35.Bf8 Ne5 36.f4 Nc4 37.Kd3 Bd4 38.Rg6 Nb2+ 39.Kc2 Ke4
40.Bd6 Nc4 41.Bb8 Ne3+ 42.Kb3 Bf6 43.Rg1 Nd5 44.Re1+ Kf5 45.Rf1 Ke4 46.Bd6
Kf5 47.Rf2 Ke4 48.Re2+ Kf5 49.Rf2 Ke4 50.Re2+ Kf5 51.Rf2 1/2-1/2

[Event "Malmo Open"]
[Site "Malmo"]
[Date "2013.12.14"]
[Round "5"]
[White "Astrom, Lars"]
[Black "Ask, Josef"]
[Result "1/2-1/2"]
[WhiteElo "2092"]
[BlackElo "2300"]

1.e4 e6 2.d4 d5 3.Nd2 Nf6 4.e5 Nfd7 5.f4 c5 6.c3 Nc6 7.Ndf3 Be7 8.Bd3 cxd4
9.cxd4 Qb6 10.Ne2 f6 11.a3 O-O 12.b4 fxe5 13.fxe5 Rxf3 14.gxf3 Bh4+ 15.Kf1
Ndxe5 16.Kg2 Nxf3 17.Kxf3 e5 18.Kg2 Bg4 19.Rf1 e4 20.Be3 Ne5 21.Bxe4 dxe4
22.Qb3+ Kh8 23.dxe5 Qg6 24.Ng3 Bf3+ 25.Rxf3 exf3+ 26.Kxf3 Rf8+ 27.Ke2 Qg4+
28.Kd2 Rd8+ 29.Kc2 Bxg3 30.hxg3 Qe2+ 31.Kb1 Rd3 32.Qc2 Qxc2+ 33.Kxc2 Rxe3
34.Rd1 h5 35.Rd7 Rxg3 36.e6 Re3 37.e7 Kh7 38.Rxb7 h4 39.Rxa7 h3 40.Rd7 h2
41.Rd3 h1=Q 42.Rxe3 1/2-1/2

[Event "Malmo Open"]
[Site "Malmo"]
[Date "2013.12.14"]
[Round "5"]
[White "Lin, Michael"]
[Black "Gajic, Mladen"]
[Result "0-1"]
[WhiteElo "2085"]
[BlackElo "2289"]

1.e4 Nf6 2.e5 Nd5 3.d4 d6 4.c4 Nb6 5.exd6 cxd6 6.Nc3 g6 7.Be3 Bg7 8.Rc1
O-O 9.b3 e5 10.dxe5 dxe5 11.Qxd8 Rxd8 12.c5 N6d7 13.Bc4 Nc6 14.Nf3 Na5 15.
Be2 h6 16.O-O Nf8 17.h3 f5 18.Rfd1 Be6 19.Rd6 Rxd6 20.cxd6 Nc6 21.Bc5 Nd7
22.Ba3 a6 23.Na4 e4 24.Nd2 Nd4 25.Bf1 Nb5 26.Bb4 Kf7 27.Nb1 Bd4 28.Rd1 Rc8
29.Bxb5 axb5 30.Nac3 Bb6 31.Na3 Ne5 32.d7 Rd8 33.Ncxb5 Nd3 34.Nd6+ Kg8 35.
Nac4 Bxf2+ 36.Kf1 Bd4 37.Be1 Rxd7 38.Nb5 Bc5 39.Bc3 Bd5 40.a4 g5 41.Rd2 f4
42.Rd1 h5 43.Rd2 g4 44.hxg4 hxg4 45.Rd1 f3 46.gxf3 gxf3 47.Rxd3 Bxc4 48.
bxc4 Rxd3 0-1

[Event "Malmo Open"]
[Site "Malmo"]
[Date "2013.12.15"]
[Round "6"]
[White "Brynell, Stellan"]
[Black "Lindberg, Bengt"]
[Result "0-1"]
[WhiteElo "2569"]
[BlackElo "2400"]

1.d4 Nf6 2.c4 e6 3.Nf3 b6 4.g3 Ba6 5.Qc2 Bb4+ 6.Bd2 Be7 7.e4 d5 8.cxd5
Bxf1 9.Kxf1 exd5 10.e5 Ne4 11.Nc3 Nxd2+ 12.Qxd2 Qd7 13.Kg2 Nc6 14.Rac1 Nd8
15.Qd3 Ne6 16.h4 h6 17.Nd1 O-O 18.Ne3 Rfd8 19.Nf5 c5 20.b3 Rac8 21.Rhd1
Bf8 22.h5 Rc6 23.Ne3 Qc8 24.dxc5 d4 25.Nc4 Rxc5 26.b4 Rc7 27.b5 Qd7 28.
Ncd2 Rc5 29.Rxc5 Nxc5 30.Qc4 d3 31.Nb3 Nxb3 32.Qxb3 Bc5 33.Qc4 Qd5 34.Qxd5
Rxd5 35.a4 Kf8 36.Ne1 d2 37.Nf3 Bb4 38.Kf1 Ke7 39.Ke2 Rc5 40.Nxd2 Rxe5+
41.Kf3 Rd5 42.Ke2 Rxh5 43.Nf3 Bc3 44.Rc1 Rc5 45.Kd3 Bb4 46.Rb1 Rc3+ 47.Ke4
Bc5 48.Ne5 Ke6 49.g4 g6 0-1

[Event "Malmo Open"]
[Site "Malmo"]
[Date "2013.12.15"]
[Round "6"]
[White "Hillarp Persson, Tiger"]
[Black "Krantz, Christopher"]
[Result "1-0"]
[WhiteElo "2624"]
[BlackElo "2330"]

1.d4 d5 2.c4 c6 3.Nf3 Nf6 4.Nc3 a6 5.a4 e6 6.Bg5 Be7 7.e3 a5 8.Be2 O-O 9.
O-O Na6 10.Qb3 Nb4 11.Rac1 b6 12.cxd5 exd5 13.Na2 Nxa2 14.Qxa2 Bb7 15.Ne5
c5 16.Bb5 Qd6 17.Qa3 Rfd8 18.f3 Rac8 19.Qd3 Ne8 20.Bxe7 Qxe7 21.Qd2 Nd6
22.Bd3 f6 23.Ng4 Nc4 24.Bxc4 dxc4 25.Rfd1 cxd4 26.exd4 Qd7 27.Ra1 Bd5 28.
Ne3 Rc7 29.Ra3 Rdc8 30.Qc2 Bf7 31.Qd2 Bd5 32.Qc2 Bf7 33.Qc3 Bd5 34.Qd2 Rc6
35.Qc2 R6c7 36.Rc3 Bf7 37.Rd2 h6 38.Kf2 Qd6 39.h3 Qd7 40.Ra3 Bd5 41.Qg6
Bf7 42.Qe4 Re8 43.Qf4 Rec8 44.h4 Kh7 45.g4 c3 46.bxc3 Rxc3 47.Rxc3 Rxc3
48.d5 Rc8 49.h5 Rd8 50.d6 Be6 51.Qe4+ Kg8 52.Rd4 Kf7 53.Qb1 Qc6 54.Qg6+
Kf8 55.Qd3 Kf7 56.Kg3 Rd7 57.Ng2 Qc5 58.Nf4 Qe5 59.Kf2 Qc5 60.Kg2 Kg8 61.
Nxe6 Qc6 62.Qg6 Qc3 63.Qe8+ Kh7 64.Qxd7 Qc2+ 65.Kg3 Qc1 66.Qxg7# 1-0

[Event "Malmo Open"]
[Site "Malmo"]
[Date "2013.12.15"]
[Round "6"]
[White "Walinder, Lars"]
[Black "Jepson, Christian"]
[Result "1/2-1/2"]
[WhiteElo "2308"]
[BlackElo "2463"]

1.c4 g6 2.g3 Bg7 3.Bg2 e5 4.Nc3 d6 5.e4 h5 6.h4 c6 7.Nge2 Nd7 8.d3 Ngf6 9.
O-O O-O 10.Bg5 Nc5 11.Qd2 Ne6 12.Bh6 Bxh6 13.Qxh6 Qb6 14.Qd2 a5 15.Rad1
Nd4 16.Nxd4 Qxd4 17.Ne2 Qc5 18.Rc1 Bg4 19.d4 Qb4 20.Nc3 exd4 21.Qxd4 Nd7
22.f3 Be6 23.b3 a4 24.Nxa4 b5 25.Qc3 Qxc3 26.Nxc3 bxc4 27.bxc4 Nb6 28.Rfd1
Nxc4 29.Bf1 Rfd8 30.Bxc4 Bxc4 31.Rd4 Bxa2 32.Rcd1 Bb3 33.R1d3 d5 34.exd5
Bxd5 35.Nxd5 cxd5 36.Rxd5 Ra1+ 37.Kf2 Ra2+ 38.Ke3 Re8+ 39.Kf4 Re6 40.Rd6
Ra4+ 41.R3d4 Rxd4+ 42.Rxd4 Rf6+ 43.Ke3 Kg7 1/2-1/2

[Event "Malmo Open"]
[Site "Malmo"]
[Date "2013.12.15"]
[Round "6"]
[White "Gajic, Mladen"]
[Black "Frisk Kockum, Anton"]
[Result "0-1"]
[WhiteElo "2289"]
[BlackElo "2410"]

1.e4 c5 2.c3 d5 3.exd5 Qxd5 4.d4 g6 5.Na3 cxd4 6.Nb5 Na6 7.Qxd4 Nf6 8.Nf3
Bg7 9.Bg5 Qxd4 10.Nfxd4 O-O 11.Be2 h6 12.Bd2 Bg4 13.Nf3 Nc5 14.Be3 Rfc8
15.O-O-O a6 16.Na3 b5 17.Nc2 Nfe4 18.Bd3 Nxd3+ 19.Rxd3 Bf5 20.Nb4 e6 21.
Nd4 Nc5 22.Rd2 Be4 23.f3 Bb7 24.Nb3 Nxb3+ 25.axb3 a5 26.Nd3 Bd5 27.Kc2 a4
28.b4 a3 29.Nc5 axb2 30.Rb1 Ra3 31.Bd4 e5 32.Be3 Be6 33.Kxb2 Ra2+ 34.Kc1
Rxd2 35.Kxd2 Rd8+ 36.Ke1 Bc4 37.Rd1 Ra8 38.Rd2 Ra1+ 39.Rd1 Ra3 40.Bd2 f5
41.Kf2 Ra2 42.Ke1 Kf7 43.Kf2 Bf8 44.g3 Bxc5+ 45.bxc5 Bb3 46.Rb1 Rxd2+ 47.
Ke3 Bc2 48.Rxb5 Rd3+ 49.Ke2 Rxc3 50.Kd2 Rc4 51.Rb7+ Kf6 52.Rc7 e4 53.fxe4
Bxe4 54.Ke3 Ke5 55.Re7+ Kd5 56.Rg7 g5 57.Rd7+ Kxc5 58.Rc7+ Kd5 59.Re7 Rc3+
60.Kd2 Rc2+ 61.Ke3 Rxh2 62.Ra7 Ke5 63.Ra6 f4+ 0-1

[Event "Malmo Open"]
[Site "Malmo"]
[Date "2013.12.15"]
[Round "6"]
[White "Holmsgaard, Henrik"]
[Black "Johansson, Linus"]
[Result "1-0"]
[WhiteElo "2287"]
[BlackElo "2403"]

1.e4 e6 2.d4 d5 3.Nd2 Nf6 4.e5 Nfd7 5.f4 c5 6.Ngf3 cxd4 7.Nb3 Nc6 8.Nbxd4
Nc5 9.Be3 Be7 10.Be2 O-O 11.O-O Qd7 12.c3 b6 13.Qc2 g6 14.Rad1 Nxd4 15.
Nxd4 Ba6 16.c4 Bb7 17.Nb5 a6 18.Nc3 Rfd8 19.b4 Qc7 20.bxc5 bxc5 21.cxd5
exd5 22.Na4 Rac8 23.Bg4 d4 24.Bf2 h5 25.Bxc8 Rxc8 26.Nb2 Qc6 27.Be1 c4 28.
Rxd4 Bc5 29.Bc3 Bxd4+ 30.Bxd4 c3 31.Na4 Qc4 32.Rd1 Rd8 33.Nb2 Be4 34.Qxc3
Qe2 35.Qd2 Qg4 36.h3 Qe6 37.Qe2 Bd5 38.Bf2 Rb8 39.Na4 Qc6 40.Nb6 Bxg2 41.
Rd6 Qb7 42.Qd3 Bh1 43.Nd5 Bxd5 44.Rxd5 Qc7 45.Bc5 Rb5 46.e6 Rxc5 47.exf7+
Qxf7 48.Rd8+ Kg7 49.Rd7 Rf5 50.Qd4+ Rf6 51.Kg2 Qxd7 52.Qxd7+ Rf7 53.Qd4+
Kh7 54.h4 a5 55.Qb6 Rf5 56.Kf3 Kg7 57.Ke4 Kh6 58.Qd8 Kg7 59.Qe7+ Kg8 60.
Qe6+ Kg7 61.Qxf5 gxf5+ 62.Kxf5 Kf7 63.Kg5 Kg7 64.Kxh5 Kf6 65.Kg4 a4 66.a3
Kg6 67.f5+ Kf6 68.Kf4 Kf7 69.Ke5 Ke7 70.f6+ Kf7 71.Kf5 Kf8 72.Ke6 Ke8 73.
f7+ Kf8 74.h5 Kg7 75.Ke7 Kh7 76.h6 Kxh6 77.f8=Q+ Kg5 78.Ke6 Kg4 79.Qf2 Kg5
80.Qg3+ Kh6 81.Kf6 Kh7 82.Qg7# 1-0

[Event "Malmo Open"]
[Site "Malmo"]
[Date "2013.12.15"]
[Round "6"]
[White "Matthiesen, Arne"]
[Black "Laksman, Efraim"]
[Result "1-0"]
[WhiteElo "2373"]
[BlackElo "2269"]

1.Nf3 Nf6 2.c4 g6 3.Nc3 c5 4.g3 Bg7 5.Bg2 Nc6 6.O-O O-O 7.d4 cxd4 8.Nxd4
Nxd4 9.Qxd4 d6 10.Qd3 Nd7 11.b3 Nc5 12.Qd2 Bd7 13.Bb2 Bc6 14.Nd5 Bxd5 15.
Bxd5 Bxb2 16.Qxb2 Qc7 17.h4 Rad8 18.h5 e6 19.Bf3 f5 20.hxg6 hxg6 21.Rad1
b5 22.cxb5 d5 23.Rc1 Qe7 24.Qa3 Rc8 25.Rc3 Rc7 26.Rfc1 Ne4 27.Qxe7 Rxe7
28.Bxe4 fxe4 29.Rc7 Rff7 30.Rxe7 Rxe7 31.Rc6 Kf7 32.a4 Rb7 33.Kf1 Kf6 34.
Ke1 Ke5 35.e3 Kf5 36.g4+ Ke5 37.Ke2 g5 38.b4 Kf6 39.Kd2 Ke5 40.Ke2 Kf6 41.
f3 exf3+ 42.Kxf3 Ke5 43.Ke2 Rh7 44.b6 axb6 45.Rxb6 Rh2+ 46.Kf3 Rh3+ 47.Kf2
Rh2+ 48.Kg3 Ra2 49.a5 Ra3 50.Kf2 Ra2+ 51.Kf3 Ra3 52.a6 Ra2 53.b5 Ra3 54.
Ke2 1-0

[Event "Malmo Open"]
[Site "Malmo"]
[Date "2013.12.15"]
[Round "6"]
[White "Kristensen, Kaare"]
[Black "Gugliemi, Riccardo"]
[Result "1-0"]
[WhiteElo "2345"]
[BlackElo "2213"]

1.d4 Nf6 2.c4 c5 3.e3 g6 4.Nc3 Bg7 5.Nf3 O-O 6.Be2 b6 7.O-O d6 8.Re1 Bb7
9.d5 Nbd7 10.e4 Bc8 11.h3 a6 12.Bf4 Ne8 13.Bf1 Rb8 14.a4 f6 15.Qd2 Rf7 16.
Rab1 a5 17.Bd3 Ne5 18.Nh2 Nc7 19.Rbd1 Qf8 20.b3 Nxd3 21.Qxd3 Bd7 22.Bg3
Re8 23.f4 Kh8 24.Nf3 Kg8 25.Kh2 Bc8 26.e5 fxe5 27.fxe5 Bf5 28.Ne4 Bxe4 29.
Rxe4 Rd8 30.Ng5 Rf5 31.Ne6 Nxe6 32.dxe6 Qe8 33.exd6 exd6 34.e7 Rd7 35.Qxd6
Rxd6 36.Rxd6 Kf7 37.Rd8 Rf1 38.Rxe8 Kxe8 39.Bc7 Bd4 40.Bxb6 Rb1 41.Bxa5
Bg1+ 42.Kg3 Rxb3+ 43.Kf4 Ra3 44.Bd8 Rxa4 45.Kg5 Ra2 46.Kh6 Rxg2 47.Kxh7 g5
48.Rg4 Rxg4 49.hxg4 Be3 50.Kg6 Bf4 51.Kf6 Be3 52.Ke6 Bd4 53.Bc7 Be3 54.Bd6
Bf2 55.Kd5 Kd7 56.Bxc5 1-0

[Event "Malmo Open"]
[Site "Malmo"]
[Date "2013.12.15"]
[Round "6"]
[White "Svensson, Anders"]
[Black "Andersson, Fredrik"]
[Result "1-0"]
[WhiteElo "2118"]
[BlackElo "2344"]

1.e4 c5 2.Nf3 Nc6 3.Bb5 d6 4.O-O Bd7 5.Re1 Nf6 6.d4 Nxd4 7.Nxd4 cxd4 8.
Bxd7+ Nxd7 9.Qxd4 Qb6 10.Be3 Qxd4 11.Bxd4 e6 12.Nc3 a6 13.a4 Rg8 14.a5 Be7
15.Kf1 Rc8 16.Re2 Bd8 17.Rd2 Ke7 18.Ne2 Nc5 19.f3 g5 20.Ng3 Nd7 21.Bc3 Ne5
22.Ne2 Rc6 23.Nd4 Rc4 24.Nb3 Bc7 25.Rad1 Nc6 26.Ra1 g4 27.Ke2 gxf3+ 28.
gxf3 Rg2+ 29.Kd3 Rxd2+ 30.Kxd2 d5 31.exd5 exd5 32.Re1+ Kf8 33.Bf6 Bxh2 34.
c3 Rf4 35.Bg5 Rxf3 36.Bh6+ 1-0

[Event "Malmo Open"]
[Site "Malmo"]
[Date "2013.12.15"]
[Round "6"]
[White "Rydstrom, Tom"]
[Black "Moerling, Joakim"]
[Result "1-0"]
[WhiteElo "2305"]
[BlackElo "2038"]

1.d4 d5 2.Nf3 Nc6 3.Bf4 Bg4 4.Nbd2 Nf6 5.h3 Bf5 6.c4 e6 7.Qb3 Na5 8.Qa4+
Nc6 9.Ne5 Bd6 10.Nxc6 Qd7 11.Bxd6 cxd6 12.cxd5 exd5 13.e4 Nxe4 14.Bb5 a6
15.Ne7 axb5 16.Qxa8+ Kxe7 17.Qxh8 Nxd2 18.Kxd2 Qc7 19.Rhe1+ Kf6 20.Rac1
Qb6 21.Ke2 Qxd4 22.Kf1 Qd3+ 23.Kg1 Bxh3 24.Qd8+ Kg6 25.gxh3 Qxh3 26.Rc3
1-0

[Event "Malmo Open"]
[Site "Malmo"]
[Date "2013.12.15"]
[Round "6"]
[White "Ask, Josef"]
[Black "Stahlberg, David"]
[Result "1-0"]
[WhiteElo "2300"]
[BlackElo "2018"]

1.c4 Nf6 2.Nc3 e6 3.e4 d5 4.e5 Nfd7 5.d4 dxc4 6.Bxc4 c5 7.Nf3 cxd4 8.Qxd4
Nc6 9.Qe4 Nb6 10.Bg5 Be7 11.Rd1 Bd7 12.Bxe7 Qxe7 13.Bd3 a6 14.Qg4 f5 15.
exf6 gxf6 16.Qh5+ Kd8 17.O-O Kc7 18.Rfe1 Qb4 19.Ne4 Nd5 20.Qh6 Qf8 21.Qc1
Re8 22.Nc5 Bc8 23.Nd4 Qd6 24.a3 Kb8 25.Nxa6+ bxa6 26.Nxc6+ Ka8 27.Be4 Bb7
28.Na5 Rc8 29.Qh6 Rc7 30.b4 Ka7 31.Nxb7 Rxb7 32.Qxf6 Rf8 33.Rxd5 1-0

[Event "Malmo Open"]
[Site "Malmo"]
[Date "2013.12.15"]
[Round "7"]
[White "Lindberg, Bengt"]
[Black "Hillarp Persson, Tiger"]
[Result "0-1"]
[WhiteElo "2400"]
[BlackElo "2624"]

1.e4 g6 2.d4 Bg7 3.Nc3 d6 4.Be3 a6 5.Qd2 b5 6.a4 b4 7.Na2 a5 8.c3 Nf6 9.f3
bxc3 10.bxc3 O-O 11.Bd3 e5 12.Ne2 c6 13.O-O Nbd7 14.Kh1 d5 15.Bg5 Qc7 16.
Rab1 Ba6 17.Bxa6 Rxa6 18.exd5 Nxd5 19.Nac1 Rb6 20.Rxb6 Qxb6 21.c4 Nb4 22.
Be3 Qa6 23.c5 Re8 24.Rd1 Nd5 25.Bf2 e4 26.fxe4 Rxe4 27.Ng3 Re8 28.Nb3 h5
29.Qd3 Qb7 30.Re1 Ra8 31.Ra1 N7f6 32.h3 Bh6 33.Rb1 Qd7 34.Nd2 Bxd2 35.Qxd2
h4 36.Nf1 Qf5 37.Rb2 Ne4 38.Qe1 g5 39.Kg1 Re8 40.Ne3 Nxe3 41.Qxe3 Kg7 42.
Qf3 Qd5 43.Rb7 Kg6 44.Rb2 f6 45.Re2 f5 46.Re1 Rb8 47.Qe2 Rb3 48.Qc2 Ra3
49.Qb2 Qa2 50.Qxa2 Rxa2 51.Be3 Rxa4 52.Rd1 Ra3 53.Bf2 Kf6 54.d5 cxd5 55.
Bd4+ Ke6 56.Rb1 Ra4 57.Rb6+ Kd7 58.Be5 Rc4 59.Kf1 Rxc5 60.Ke2 Rc2+ 61.Kd3
Rxg2 62.Ra6 Rd2+ 63.Ke3 Ra2 64.Kd4 Rd2+ 65.Ke3 f4+ 66.Kf3 Rd3+ 67.Kg4 f3
68.Rxa5 f2 69.Ra1 Nd2 70.Kxg5 Rxh3 71.Kg4 Rd3 0-1

[Event "Malmo Open"]
[Site "Malmo"]
[Date "2013.12.15"]
[Round "7"]
[White "Jepson, Christian"]
[Black "Brynell, Stellan"]
[Result "1-0"]
[WhiteElo "2463"]
[BlackElo "2569"]

1.d4 e6 2.c4 Nf6 3.Nc3 Bb4 4.e3 O-O 5.Bd3 c5 6.Nf3 b6 7.O-O Bb7 8.Bd2 d6
9.a3 Bxc3 10.Bxc3 Ne4 11.Bxe4 Bxe4 12.Nd2 Bb7 13.dxc5 bxc5 14.Qg4 e5 15.f4
Qe7 16.fxe5 dxe5 17.Ne4 Bc8 18.Qf3 Bb7 19.Qf5 f6 20.Rad1 Bc8 21.Qf3 Bb7
22.Qf5 Bc8 23.Qf3 Bb7 24.Qg4 Bc8 25.Nxf6+ Qxf6 26.Qe4 Qc6 27.Rxf8+ Kxf8
28.Rd8+ Ke7 29.Qh4+ Kf7 30.Qh5+ Ke7 31.Qg5+ Kf7 32.Qxe5 1-0

[Event "Malmo Open"]
[Site "Malmo"]
[Date "2013.12.15"]
[Round "7"]
[White "Frisk Kockum, Anton"]
[Black "Kristensen, Kaare"]
[Result "1-0"]
[WhiteElo "2410"]
[BlackElo "2345"]

1.d4 d5 2.Nf3 Nf6 3.c4 c6 4.cxd5 cxd5 5.Nc3 Nc6 6.Bf4 Bf5 7.a3 Ne4 8.Rc1
a6 9.e3 e6 10.Nxe4 Bxe4 11.Nd2 Bg6 12.Be2 Bd6 13.Bxd6 Qxd6 14.O-O O-O 15.
b4 e5 16.dxe5 Qxe5 17.Rc5 Qb2 18.Qc1 Qxc1 19.Rfxc1 d4 20.Bf3 Rad8 21.Bxc6
dxe3 22.fxe3 bxc6 23.Nf3 Be4 24.Nd4 f5 25.Ne6 Rd2 26.Nxf8 Rxg2+ 27.Kf1
Kxf8 28.Rxf5+ Kg8 29.Rd1 Bxf5 30.Kxg2 Kf7 31.Kf3 Kf6 32.e4 Bg6 33.Kf4 Ke6
34.Rd8 h6 35.Rg8 1-0

[Event "Malmo Open"]
[Site "Malmo"]
[Date "2013.12.15"]
[Round "7"]
[White "Matthiesen, Arne"]
[Black "Holmsgaard, Henrik"]
[Result "1-0"]
[WhiteElo "2373"]
[BlackElo "2287"]

1.e4 c5 2.Nf3 Nc6 3.Bb5 g6 4.Bxc6 dxc6 5.d3 Bg7 6.Nc3 Nf6 7.Be3 Nd7 8.Qd2
e5 9.Bh6 Qf6 10.Ne2 Bxh6 11.Qxh6 Nf8 12.h3 Ne6 13.a3 Bd7 14.b4 O-O-O 15.
Qd2 Nd4 16.Nfxd4 cxd4 17.f4 exf4 18.Qxf4 Qg7 19.O-O f5 20.exf5 Bxf5 21.Ng3
Rhf8 22.Nxf5 Rxf5 23.Qg4 h5 24.Qg3 Rdf8 25.Rxf5 Rxf5 26.Re1 Qf7 27.Qd6 Rd5
28.Re7 Rxd6 29.Rxf7 Rd7 30.Rf6 g5 31.Kf2 Kc7 32.Rf5 Rg7 33.Kf3 Kd6 34.Ke4
Ke6 35.g4 1-0

[Event "Malmo Open"]
[Site "Malmo"]
[Date "2013.12.15"]
[Round "7"]
[White "Syla, Blerim"]
[Black "Walinder, Lars"]
[Result "0-1"]
[WhiteElo "2201"]
[BlackElo "2308"]

1.e4 c5 2.Bc4 d6 3.Nc3 Nf6 4.Nf3 e6 5.d4 cxd4 6.Nxd4 a6 7.Bb3 Nbd7 8.Be3
Nc5 9.f3 Be7 10.Qd2 Qc7 11.g4 b5 12.h4 Nfd7 13.O-O-O O-O 14.g5 b4 15.Na4
Nxa4 16.Bxa4 Nc5 17.Bb3 a5 18.Nb5 Qb6 19.Nxd6 Bxd6 20.Bc4 Be7 21.h5 Ba6
22.Bxa6 Rxa6 23.g6 a4 24.h6 fxg6 25.hxg7 Rd8 26.Qf2 Rxd1+ 27.Rxd1 b3 28.
cxb3 axb3 29.a3 Qb5 30.Kb1 Rc6 31.Bd4 Na4 32.f4 Rc2 33.Qf3 Qc4 34.Bc3 Rxc3
35.bxc3 Nxc3+ 36.Kb2 Na4+ 37.Ka1 Qc2 0-1

[Event "Malmo Open"]
[Site "Malmo"]
[Date "2013.12.15"]
[Round "7"]
[White "Wiander, Michael"]
[Black "Rydstrom, Tom"]
[Result "1-0"]
[WhiteElo "2168"]
[BlackElo "2305"]

1.d4 d5 2.e4 dxe4 3.Nc3 Nf6 4.f3 exf3 5.Nxf3 Nc6 6.Be3 e6 7.Qd2 Bb4 8.Bd3
h6 9.O-O Ng4 10.Rae1 Nxe3 11.Qxe3 Qe7 12.Kh1 O-O 13.Ne5 Bd7 14.Rf3 Nxe5
15.dxe5 Bc6 16.Rf6 Qc5 17.Qg3 Bxc3 18.bxc3 Qd5 19.Re2 Bb5 20.Rxh6 Bxd3 21.
cxd3 Rfd8 22.Rh3 Qb5 23.Re1 Qb2 24.Qh4 Kf8 25.Rf1 Qe2 26.Qf4 1-0

[Event "Malmo Open"]
[Site "Malmo"]
[Date "2013.12.15"]
[Round "7"]
[White "Karlsson, Jorgen"]
[Black "Svensson, Anders"]
[Result "1/2-1/2"]
[WhiteElo "2222"]
[BlackElo "2118"]

1.Nc3 c5 2.g3 g6 3.Bg2 Bg7 4.f4 d6 5.e4 Nc6 6.Nd5 e6 7.Ne3 Nge7 8.c3 O-O
9.Nf3 b6 10.O-O Bb7 11.d4 cxd4 12.cxd4 Nb8 13.e5 dxe5 14.fxe5 Nd5 15.Ng4
Nc6 16.Bg5 Nce7 17.Qd2 f5 18.Nf2 Qd7 19.Bh6 Rac8 20.h4 Rc7 21.h5 Rfc8 22.
Bxg7 Kxg7 23.h6+ Kg8 24.Rfc1 Rxc1+ 25.Rxc1 Rxc1+ 26.Qxc1 Nb4 27.Qg5 Bxf3
28.Bxf3 Nec6 29.Bxc6 Nxc6 30.Qf6 Nxd4 31.Nh3 a6 32.Ng5 a5 33.a4 Nc6 34.
Nxe6 Qd1+ 35.Kf2 Qd2+ 36.Kf1 Qd1+ 37.Kf2 Qd2+ 38.Kf1 Qd1+ 39.Kf2 1/2-1/2